000 00649nam a22002057a 4500
008 150527b xxu||||| |||| 00| 0 eng d
020 _a0132827166
041 0 _aeng
080 _a331 DON
245 0 0 _aEthical issues in business :
_cedited by Thomas Donaldson, Patricia H. Werhane.
250 _a4th ed.
260 _aEnglewood Cliffs, N.J. :
_bPrentice Hall,
_cc1993.
300 _a502 f. :
_bme il.;
_c23 cm.
500 _aPreface: f. ix-x
650 0 _aEtika e biznesit
650 0 _aPërgjegjësitë sociale të biznesit
700 1 _aDonaldson, Thomas,
700 1 _aWerhane, Patricia Hogue.
942 _2udc
_cBK
999 _c915
_d915